Loading...
| Science - Physics | 0 | 5 | 0 | 1 | 50 | 92 | 104.60 | 0 | 2 | 0.00 | 0.00 |
| Science - Other | 0 | 4 | 0 | 0 | 40 | 35 | 66.50 | 2 | 3 | 0.00 | 0.00 |
| History - Other | 0 | 4 | 0 | 1 | 40 | 65 | 105.00 | 0 | 1 | 0.00 | 0.00 |
| Science - Chemistry | 0 | 4 | 0 | 3 | 40 | 101 | 117.75 | 0 | 1 | 0.00 | 0.00 |
| Fine Arts - Classical Music | 0 | 4 | 0 | 0 | 40 | 50 | 87.25 | 1 | 1 | 0.00 | 0.00 |
| Science - Biology | 0 | 4 | 2 | 1 | 30 | 107 | 114.75 | 0 | 0 | 0.00 | 0.00 |
| Religion | 0 | 3 | 0 | 0 | 30 | 61 | 95.33 | 2 | 2 | 0.00 | 0.00 |
| History - American | 0 | 3 | 1 | 1 | 25 | 91 | 111.33 | 0 | 0 | 0.00 | 0.00 |
| Fine Arts - Other | 0 | 2 | 0 | 1 | 20 | 134 | 139.00 | 0 | 1 | 0.00 | 0.00 |
| Social Science | 0 | 1 | 0 | 0 | 10 | 115 | 115.00 | 0 | 1 | 0.00 | 0.00 |
| Geography/Current Events | 0 | 1 | 0 | 1 | 10 | 117 | 117.00 | 0 | 0 | 0.00 | 0.00 |
| History - European | 0 | 1 | 0 | 1 | 10 | 131 | 131.00 | 0 | 0 | 0.00 | 0.00 |
| Literature - American | 0 | 1 | 0 | 0 | 10 | 125 | 125.00 | 0 | 0 | 0.00 | 0.00 |
| Literature - British | 0 | 1 | 0 | 0 | 10 | 86 | 86.00 | 0 | 1 | 0.00 | 0.00 |
| Other Academic | 0 | 1 | 0 | 0 | 10 | 110 | 110.00 | 0 | 1 | 0.00 | 0.00 |
| Philosophy | 0 | 1 | 1 | 0 | 5 | 99 | 99.00 | 0 | 0 | 0.00 | 0.00 |
| Fine Arts - Visual | 0 | 1 | 1 | 0 | 5 | 135 | 135.00 | 0 | 0 | 0.00 | 0.00 |
| Mythology | 0 | 0 | 0 | 0 | 0 | 0.00 | 0 | 0 | 0.00 | 0.00 | |
| Literature - World/Other | 0 | 0 | 0 | 0 | 0 | 0.00 | 0 | 0 | 0.00 | 0.00 | |
| Literature - European | 0 | 0 | 0 | 0 | 0 | 0.00 | 0 | 0 | 0.00 | 0.00 |